Empatía : guía para padres e hijos

Este es un libro escrito por una psicóloga que lleva muchos años trabajando con niños y sus familias. Nos invita a conversar entre padres e hijos, de manera cercana, abriendo espacios para que el niño hable de temas más íntimos que le puedan estar afectando. De una conversación simple, podría apare...

Full description

Bibliographic Details
Main Author: Fernández Bieberach, Patricia 1955-
Other Authors: Acosta, Alejandra
Format: Libro Literatura
Language:Spanish
Published: Santiago de Chile : Amanuta, 2017.
Series:Remolino
Subjects:
Online Access:

MARC

LEADER 00000nam a22000007a 4500
005 20191129114404.0
008 191129s2017 cl |||| |||| 00| 0 spa d
952 |0 0  |1 0  |2 ddc  |4 0  |6 INF_CH863_FERN  |7 0  |8 COMP  |9 93076  |a BR  |b BR  |c Referencia  |d 2019-11-29  |e Compra  |l 4  |m 4  |o INF Ch863 FERN  |p 1471411  |r 2026-01-13 00:00:00  |s 2024-04-01  |t c.1  |w 2019-11-29  |y BKL 
999 |c 52636  |d 52636 
020 |a 9789563640472 
035 |a CENTRAL 
040 |a UAHC  |c UAHC 
082 |2 20  |a Ch863  |b F363 
100 |9 10053  |a Fernández Bieberach, Patricia  |d 1955- 
245 1 0 |a Empatía :  |b guía para padres e hijos  |c Patricia Fernández Bieberach; ilustraciones de Alejandra Acosta. 
260 |a Santiago de Chile :  |b Amanuta,  |c 2017. 
300 |a [39 p.] 
440 |9 10054  |a Remolino 
520 |a Este es un libro escrito por una psicóloga que lleva muchos años trabajando con niños y sus familias. Nos invita a conversar entre padres e hijos, de manera cercana, abriendo espacios para que el niño hable de temas más íntimos que le puedan estar afectando. De una conversación simple, podría aparecer una situación complicada donde nuestra ayuda resulte crucial. Este libro es una herramienta que le permitirá conocer más a su hijo, detectar posibles conflictos y desarrollar la empatía. 
650 0 |9 4093  |a Literatura infantil 
700 |9 10055  |a Acosta, Alejandra 
900 |a Ch863 FERN 
942 |2 ddc  |c BKL